El elemento germǹico en el derecho espaǫl

Detalles Bibliográficos
Autor principal: de Hinojosa, Eduardo
Formato: eBook
Lenguaje:español
Publicado: Madrid: Dykinson, 2019
Materias:
Acceso en línea:Acceso restringido

MARC

LEADER 00000nam a22000007a 4500
005 20191114223458.0
007 cr|||| |||
008 191114s2019 es |||||s|||| 00||0 spa d
020 |a 978-84-1324-384-9 
035 |a 30602 
040 |a vLex 
090 |c 10018  |d 10018 
100 1 |a de Hinojosa, Eduardo 
245 1 2 |a El elemento germǹico en el derecho espaǫl  |h [Recurso electrn̤ico] /  |c Eduardo de Hinojosa 
256 |a Servicio en ln̕ea 
260 |a Madrid:  |b Dykinson,  |c 2019 
300 |a 1 recurso electrn̤ico 
500 |a El libro recoge la ponencia presentada por Hinojosa en el III Congrs̈ international des sciences historiques celebrado en Berln̕, en agosto de 1908. En ella, el autor llama la atencin̤ sobre “el interš que ofrece el estudio de las fuentes del derecho medioeval espaǫl para las investigaciones de historia general del derecho germǹico”. Redactada originalmente en francš, fue traducida primero al alemǹ (1910) y despuš al castellano (1915), puede considerarse el testamento intelectual de Eduardo de Hinojosa (1852-1919). 
506 1 |a Disponible solo en los productos indicados  |d vLex Global  |d vLex Global (Academic Edition, excluding Law Schools)  |d vLex Global (U.S. Academic Edition, Law Schools)  |d vLex Global (U.S. Academic Edition, excluding Law Schools)  |d vLex Global (Academic Edition, Law Schools) 
650 0 4 |a Derecho Militar  |z Espaą 
740 0 |a vLex Libros (Servicio en ln̕ea) 
856 4 0 |u http://vlex.com/source/elemento-germanico-en-el-derecho-espa-ol-30602  |z Acceso restringido 
942 |c BOOK 
999 0 |a Military Law